000 01912nam a2200517 i 4500
001 1193
003 KOSZ 005
005 20200602091142.0
008 200602s1984 pl a f 000 0 pol
015 _aUWD 1985/1461
035 _a991008115979705066
035 _a(PL-WaBN)b12089291-48omnis_nlop
035 _ab12089291
035 _a(OCoLC)830180422
035 _a(PL)b0000001208929
035 _a(EXLNZ-48OMNIS_NETWORK)9910407470105606
040 _aWA N
_cWA N
_dKOSZ 005/RW
046 _k1984
080 _a699.8
080 _a006
100 1 _aGadomski, Jan
_c(budownictwo)
_eAutor
245 1 0 _aKomentarz do normy PN-82/B-02020 "Ochrona cieplna budynków. Wymagania i obliczenia" /
_cJan Gadomski ; [recenzenci: mgr inż. Marek Kaproń, mgr inż. Stanisław Kłosek, mgr inż. Marek Płuciennik] ; Instytut Techniki Budowlanej.
260 _aWarszawa :
_bInstytut Techniki Budowlanej,
_c1984.
300 _a70 stron :
_brysunki, wykresy ;
_c24 cm.
336 _aTekst
_btxt
_2rdacontent
337 _aBez urządzenia pośredniczącego
_bn
_2rdamedia
338 _aWolumin
_bnc
_2rdacarrier
380 _aKsiążki
380 _aPublikacje fachowe
388 _a1901-2000
388 _a1945-1989
504 _aBibliografia na stronie 70.
650 7 _aIzolacje cieplne
_2DBN
650 7 _aBudownictwo
650 7 _aKonstrukcje budowlane
_2DBN
650 7 _aNormalizacja
655 7 _aKomentarz do normy
658 _aArchitektura i budownictwo
700 1 _aKaproń, Marek
_eRecenzja
700 1 _aKłosek, Stanisław
_eRecenzja
700 1 _aPłuciennik, Marek
_eRecenzja
710 2 _aInstytut Techniki Budowlanej
_4pbl
856 _uhttp://koha.tu.koszalin.pl/cgi-bin/koha/opac-detail.pl?biblionumber=1193
_yKatalog online BPK
942 _2UKD
_cKS
999 _c1193
_d1193